000 00624nam a2200229 a 4500
001 BRCA_7820
005 20190320210018.0
008 171013s1964----enka######---#000-0#eng-#
041 _aeng
044 _aenk
050 4 _aNK4565
_b.G37 1964
100 1 _aGarner, Harry
_919372
245 1 0 _aOriental blue and white
_cby Harry Garner.
250 _a2
260 _aLondres
_bFaber & Faber
_c1964
300 _axviii, 86 p.
_bil., 104 láminas
_c27 cm.
440 0 _aFaber monographs on pottery and porcelain
_919373
500 _aY14
650 1 4 _aPorcelana china
_vCatálogos
_915248
902 _aGFM
942 _2lcc
_cB
999 _c7494
_d7494